Justine / (Record no. 13332)
[ view plain ]
| 000 -LEADER | |
|---|---|
| fixed length control field | 00809nam a22002297a 4500 |
| 001 - CONTROL NUMBER | |
| control field | 4955379 |
| 005 - DATE AND TIME OF LATEST TRANSACTION | |
| control field | 19961022103805.6 |
| 008 - FIXED-LENGTH DATA ELEMENTS--GENERAL INFORMATION | |
| fixed length control field | 960912s1994 rm 000 0 rum |
| 040 ## - CATALOGING SOURCE | |
| Original cataloging agency | DLC |
| Transcribing agency | DLC |
| 050 00 - LIBRARY OF CONGRESS CALL NUMBER | |
| Classification number | PC840.22.A8 |
| Item number | M68 1994 |
| 082 ## - DEWEY DECIMAL CLASSIFICATION NUMBER | |
| Edition number | 20 |
| Classification number | 810 |
| Item number | DUR |
| 100 1# - MAIN ENTRY--PERSONAL NAME | |
| Personal name | Lawrence, Durrell. |
| 9 (RLIN) | 11148 |
| 245 10 - TITLE STATEMENT | |
| Title | Justine / |
| Statement of responsibility, etc | Lawrence Durrell. |
| 260 ## - PUBLICATION, DISTRIBUTION, ETC. (IMPRINT) | |
| Place of publication, distribution, etc | New York: |
| Name of publisher, distributor, etc | E.P. Dutton, |
| Date of publication, distribution, etc | c.1958. |
| 300 ## - PHYSICAL DESCRIPTION | |
| Extent | 250 p. ; |
| Dimensions | 15 cm. |
| 500 ## - GENERAL NOTE | |
| General note | Donations. |
| 500 ## - GENERAL NOTE | |
| General note | Donated By: Alaa Abdel Ghaney. |
| 650 ## - SUBJECT ADDED ENTRY--TOPICAL TERM | |
| 9 (RLIN) | 11139 |
| Topical term or geographic name as entry element | Fiction in English 1945- Translations |
| 942 ## - ADDED ENTRY ELEMENTS (KOHA) | |
| Source of classification or shelving scheme | Dewey Decimal Classification |
| Item type | Book - Borrowing |
| Withdrawn status | Item status | Source of classification or shelving scheme | Damaged status | Not for loan | Vendor | Home library | Current library | Shelving location | Date acquired | Source of acquisition | Total Checkouts | Total Renewals | Full call number | Barcode | Date last seen | Date last borrowed | Koha item type |
|---|---|---|---|---|---|---|---|---|---|---|---|---|---|---|---|---|---|
| Dewey Decimal Classification | Central Library | Central Library | Second Floor | 09/02/2010 | 3 | 3 | 810 DUR | 000019603 | 02/11/2025 | 20/10/2025 | Book - Borrowing |